The Future of Governing /

Guardat en:
Dades bibliogràfiques
Autor principal: Peters, B. Guy (autor)
Format: Llibre
Idioma:anglès
Publicat: Kansas, EUA : University of Kansas, 2001, c2001
Edició:2a edición
Matèries:
Etiquetes: Afegir etiqueta
Sense etiquetes, Sigues el primer a etiquetar aquest registre!

MARC

LEADER 00000nam^a2200000^a^4500
001 000165165
005 20250521000000.0
009 20260310101008.083
020 |a 0-7006-1129-0 
037 |a Acervo ITESO - Biblioteca 
041 |a ING 
082 |a 351. 31  |b PET 
100 |a Peters, B. Guy  |e (autor) 
245 1 4 |a The Future of Governing /  |c B.G. Peters. 
250 |a 2a edición  |b revisada 
264 4 |a Kansas, EUA :  |b University of Kansas,  |c 2001, c2001 
300 |a XI, 260 p. 
336 |a texto  |b txt  |2 rdacontenido 
337 |a sin mediación  |b n  |2 rdamedio 
338 |a volumen  |b nc  |2 rdasoporte 
649 |a XX 
650 |a Desregulación Económica 
650 |a Reforma Administrativa 
650 |a Apertura Comercial e Integración Económica -  |x Aspectos Políticos 
650 |a Capitalismo -  |x Aspectos Políticos 
650 |a Desarrollo Económico-Social 
650 |a Cambios Sociales y Culturales 
650 |a Participación Política 
650 |a Representación Política 
650 |a Transición Política 
650 |a Reforma Política 
650 |a Filosofía Política 
650 |a Sistema Político 
650 |a Ideología 
650 |a Democracia 
650 |a Gobernabilidad -  |x Tema Principal 
650 |a Soberanía 
650 |a Estado, El 
650 |a Política 
650 |a Administración Pública 
910 |a Fondo General 
920 |a Impresos - Libros 
930 |a Colección General 
905 |a 101 
901 |a 0500099381  |b IT1  |c ACC  |u 20250521 
901 |a 0500099384  |b IT1  |c ACC  |u 20250521 
902 |a https://opac.biblio.iteso.mx/vufind/Record/000165165